La relajación

Sábháilte in:
Sonraí bibleagrafaíochta
Príomhchruthaitheoir: Durand de Bousingen, R (Údar)
Formáid: LEABHAR
Teanga:Spáinnis
Foilsithe / Cruthaithe: Barcelona Paidotribo 1986
Sraith:Colección Conocer
Ábhair:
Clibeanna: Cuir clib leis
Níl clibeanna ann, Bí ar an gcéad duine le clib a chur leis an taifead seo!

MARC

LEADER 00000nam a2200000 a 4500
001 UCW4890
003 CL-VaPUC
008 900906e19860000SP |||||||||||||||||spa|d
082 0 4 |a 613.79  |b DUR  |2 21 
100 0 |a Durand de Bousingen, R  |e author  |9 309704 
245 1 3 |a La relajación 
300 |a 120 p 
942 |c BK 
945 |d 19900906 00:00:00 
260 |a Barcelona  |b Paidotribo  |c 1986 
650 0 |a Relajación  |9 309705 
650 0 |a Salud mental  |9 308393 
650 7 |a DESCANSO  |2 CL-VaPUC  |9 309706 
583 |a last modification  |c 19900906 00:00:00  |k Rodrigo Vera 
490 0 |a Colección Conocer 
999 |c 218474  |d 218472 
952 |0 0  |1 0  |4 0  |6 613_790000000000000_DUR_1986  |7 0  |8 A  |9 208112  |a BIBEDU  |b BIBEDU  |d 2019-11-15  |i 2759837  |o 613.79 DUR 1986  |p 2759837  |r 2019-11-15  |w 2019-11-15  |y BK  |k EDU